Carregant...

Jewish history, Jewish religion: The weight of three thousand years

Dades bibliogràfiques
Autor principal: Shahak, Israel
Format: Printed Book
Publicat: London Pluto Press 2004
LEADER 00429nam a22001217a 4500
020 |a 0745301898 
082 |a 956.94  |b SHA.J 
100 |a Shahak, Israel 
245 |a Jewish history, Jewish religion: The weight of three thousand years 
260 |a London  |b Pluto Press  |c 2004 
942 |c BK 
999 |c 19628  |d 19628 
952 |0 0  |1 0  |4 0  |6 956_940000000000000_SHA_J  |7 0  |9 22135  |a CAMPUS  |b CAMPUS  |d 2017-09-22  |l 0  |o 956.94 SHA.J  |p 11060  |r 2017-09-22  |w 2017-09-22  |y BK